عرض عادي
عرض مارك
- Cushing, Steve.
مدخل إسم شخص
001 - رقم الضبط
- حقل الضبط: 45342
003 - معرف رقم الضبط
- حقل الضبط: OSt
005 - تاريخ ووقت أخر عملية
- حقل الضبط: 20140517172212.0
008 - عناصر بيانات ثابتة الطول
- حقل تحكم ثابت الطول: 140517|||a|||||| | ||| d
040 ## - مصدر الفهرسة
- هيئة الفهرسة الأصلية: OSt
- وكالة الكتابة: OSt
100 ## - مدخل -- أسم شخص
- إسم شخص: Cushing, Steve.
670 ## - بيانات المصدر موجوده
- الاستشهاد بالمصدر: Work cat.: (OSt): Cushing, Steve., AQA GCSE computer science. Student's book /, 2013.
